Anatomy and thermodynamics

Elmentve itt :
Bibliográfiai részletek
Szerző: Szent-Györgyi Albert
Dokumentumtípus: Cikk
Megjelent: 1977-04
Sorozat:BioSysiems 8 No. 4
Online Access:http://misc.bibl.u-szeged.hu/74025
LEADER 00582nab a2200169 i 4500
001 misc74025
005 20241018102256.0
008 231211s1977 hu o 000 eng d
040 |a SZTE Miscellanea Repozitórium  |b hun 
041 |a eng 
100 2 |a Szent-Györgyi Albert 
245 1 0 |a Anatomy and thermodynamics  |h [elektronikus dokumentum] /  |c  Szent-Györgyi Albert 
260 |c 1977-04 
300 |a 275 
490 0 |a BioSysiems  |v 8 No. 4 
561 |a Szent-Györgyi Albert tudományos és egyéb írásai 
856 4 0 |u http://misc.bibl.u-szeged.hu/74025/1/szgya_magyar_412.pdf  |z Dokumentum-elérés